| 000 -ლიდერი |
| ფიქსირებული სიგრძის საკონტროლო ველი |
01355nam a2200241Ia 4500 |
| 001 - საკონტროლო ნომერი |
| საკონტროლო ველი |
5131 |
| 003 - საკონტროლო ნომრის იდენტიფიკატორი |
| საკონტროლო ველი |
GE_BSU |
| 005 - ბოლო ოპერაციის თარიღი და დრო |
| საკონტროლო ველი |
20190621150258.0 |
| 008 - ფიქსირებული სიგრძის მონაცემთა ელემენტები - ზოგადი ინფორმაცია |
| ფიქსირებული სიგრძის საკონტროლო ველი |
181216s1991||||ge |||||||||||||| ||geo|| |
| 040 ## - კატალოგიზაციის წყარო |
| Transcribing agency |
GE_BSU |
| 041 ## - ენის კოდი |
| Language code of text/sound track or separate title |
geo |
| 080 ## - უნივერსალური ათობითი კლასიფიკაციის ინდექსი |
| Universal Decimal Classification number |
004.68(075.8) ჩ-76 |
| 100 ## - მთავარი ჩანაწერი - პიროვნების სახელი |
| Personal name |
ჩოგოვაძე, გ. |
| 9 (RLIN) |
947 |
| 245 ## - ცნობა სათაურის შესახებ |
| Title |
მონაცემებისა და ცოდნის ბაზების აგების მეთოდები და ინტრუმენტული საშუალებანი : |
| Remainder of title |
დამხმ. სახელმძღვ. / |
| Statement of responsibility, etc |
გ. ჩოგოვაძე, გ. სურგულაძე, გ. ქაჩიბაია ; რედ. ე. გიორგაძე |
| 264 ## - წარმოების, გამოცემის, დისტრიბუციის და სხვა ცნობები |
| გამოცემის, წარმოების, დისტრიბუციის... ადგილი |
თბილისი : |
| გამოცემის, წარმოების, დისტრიბუციის... სახელწოდება |
სპი, |
| გამოცემის, წარმოების, დისტრიბუციის... თარიღი |
1991. |
| 300 ## - ფიზიკური აღწერა |
| Extent |
145 გვ. ; |
| Dimensions |
20 სმ. |
| 504 ## - BIBLIOGRAPHY, ETC. NOTE |
| Bibliography, etc |
ბიბლიოგრ. : გვ.126. |
| 653 ## - INDEX TERM--UNCONTROLLED |
| Uncontrolled term |
მონაცემებისა და ცოდნის ბაზების აგების მეთოდები და ინტრუმენტული საშუალებანი |
| 700 ## - ADDED ENTRY--PERSONAL NAME |
| Personal name |
სურგულაძე, გ. |
| Relator term |
ავტორი |
| 9 (RLIN) |
948 |
| 700 ## - ADDED ENTRY--PERSONAL NAME |
| Personal name |
ქაჩიბაია, გ. |
| Relator term |
ავტორი |
| 9 (RLIN) |
1131 |
| 700 ## - ADDED ENTRY--PERSONAL NAME |
| Personal name |
გიორგაძე, ე. |
| Relator term |
რედაქტორი |
| 9 (RLIN) |
398 |
| 942 ## - ADDED ENTRY ELEMENTS (KOHA) |
| Koha item type |
წიგნი |
| Source of classification or shelving scheme |
|